Kekra - Stratos - Statistiques

Statistiques générales
  • Ce quiz a été pris 9 fois
  • Le résultat moyen est 15 sur 22
Statistiques - réponses
Track Titre % Correct
7 Ingé son
100%
13 Lakehouse
88%
1 Stratos
88%
21 (bonus) Tour
88%
17 Bloc de glace
75%
19 (bonus) Dinguerie
75%
10 Disconnect
75%
9 Glock 18
75%
2 Iverson
75%
22 (bonus) Iverson - Remix
75%
3 J'arrête
75%
16 Mal parti
75%
14 Nuit et jour
75%
15 Spend that
75%
8 Je pouvais
63%
6 Nuages
63%
12 Torts
63%
4 Combien de temps
50%
18 (bonus) En effet
50%
5 Trop tard
50%
11 Vibe & Sun
50%
20 (bonus) Spook
25%
Aucun quiz correspondant
Distribution des résultats
% des personnes avec chaque résultat
Percentile par nombre de réponses
Votre historique - résultats
Vous n’avez pas pris ce quiz